25 sélections avec l'équipe de France_Mort Subite (difficile) - Statistiques

Statistiques générales
  • Ce quiz a été pris 111 fois
  • Le résultat moyen est 3 sur 17
Answers on the Grid
Answers color-coded by a green-red scale on the quiz's grid according to % correct below.
Alexandre Lacazette
André-Pierre Gignac
Anthony Martial
Benoît Pedretti
Christophe Jallet
David Ginola
Dimitri Payet
Djibril Sidibé
Éric Di Meco
Gaël Clichy
Grégory Coupet
Ibrahima Konaté*
Jérémy Ménez
Jérémy Toulalan
Lassana Diarra
Loïc Rémy
Ludovic Giuly
Marvin Martin
Mathieu Debuchy
Mike Maignan*
Morgan Schneiderlin
Olivier Dacourt
Paul Le Guen
Presnel Kimpembe
Randal Kolo Muani*
Samir Nasri
Samuel Umtiti
Thomas Lemar
Vikash Dhorasoo
Vincent Candela
Wissam Ben Yedder
Yann M'Vila
Yoann Gourcuff
 
Statistiques - réponses
Réponse % Correct
36 matches André-Pierre Gignac
45%
26 matches Ibrahima Konaté*
34%
31 matches Samuel Umtiti
34%
38 matches Dimitri Payet
30%
37 matches Mike Maignan*
30%
41 matches Samir Nasri
29%
30 matches Anthony Martial
25%
31 matches Randal Kolo Muani*
21%
34 matches Lassana Diarra
18%
28 matches Presnel Kimpembe
18%
36 matches Jérémy Toulalan
14%
27 matches Mathieu Debuchy
14%
40 matches Vincent Candela
9%
34 matches Grégory Coupet
7%
31 matches Yoann Gourcuff
7%
30 matches Loïc Rémy
5%
27 matches Thomas Lemar
5%
Aucun quiz correspondant
Distribution des résultats
% des personnes avec chaque résultat
Percentile par nombre de réponses
Votre historique - résultats
Vous n’avez pas pris ce quiz